Ricostruisci la Carriera del Calciatore - Yerry Mina - Statistics

Statistiche generali
  • Questo quiz è stato fatto 6 volte
  • Il punteggio medio è 3 su 7
Statistiche sulle risposte
Hint Risposta % Corretto
2024- Cagliari
83%
2023-2024 Fiorentina
67%
2018-2023 Everton
50%
2018 Barcellona
33%
2016-2018 Palmeiras
33%
2014-2016 Santa Fe
33%
2013-2014 Deportivo Pasto
17%
Nessun quiz corrispondente trovato
Distribuzione punteggi
Percentuale di utenti per punteggio
Percentile per numero di risposta
I tuoi punteggi nel tempo
Non hai fatto questo quiz